00000000nem##2200000za#4500
0019.615312
003CaOODSP
00520230131161134
007aj |a|||
008150406|2000||||xxc||||   a##f  |   eng|d
020 |a0-660-18281-5
022 |a0068-7626
040 |aCaOODSP|beng
043 |an-cn---
0861 |aM42-547E
1102 |aGeological Survey of Canada.
24514|aThe physical environment of the Mackenzie Valley, Northwest Territories : |h[cartographic material]|ba base line for the assessment of environmental change / |cedited by L. D. Dyke and G. R. Brooks.
260 |aOttawa - Ontario : |bNatural Resources Canada. |c2000.
300 |a208p. : |bcoloured illus., figs., graphs, references, tables ; |c28 cm. + |emaps.
4901 |aBulletin|x0068-7626|v547
500 |a"This bulletin is the report of the Mackenzie Integrated Research and Monitoring Area project which was initiated to assess the sensitivity of landscape-altering processes in the Mackenzie Valley to climate warming and to produce regional maps of permafrost and ground-ice distribution."--Page 7.
5203 |aThis bulletin is the report of the Mackenzie Integrated Research and Monitoring Area project which was initiated to assess the sensitivity of landscape-altering processes in the Mackenzie Valley to climate warming and to produce regional maps of permafrost and ground-ice distribution.--Page 7
546 |aRésumés en français
563 |aSoftcover
590 |a01-06|b2001-02-09
69007|aWeather|2gcpds
69007|aGeology|2gcpds
69007|aRivers|2gcpds
69007|aIce|2gcpds
69007|aGlobal warming|2gcpds
7201 |aBrooks, G. R.
7201 |aDyke, L. D.
7760#|tThe physical environment of the Mackenzie Valley, Northwest Territories : |w(CaOODSP)9.617606
830#0|aBulletin,|x0068-7626|v547|w(CaOODSP)9.514768